|
|
|
|
| LEADER |
00000nam a2200000 a 4500 |
| 001 |
vtls010074035 |
| 003 |
SK-MaSNL |
| 005 |
20260301131133.0 |
| 008 |
251029p2008 au p g h 100 0bger |
| 020 |
|
|
|a 9783706904100
|q (brož.)
|
| 040 |
|
|
|a SNK
|b slo
|c SNK
|e AACR2
|
| 041 |
0 |
|
|a ger
|
| 044 |
|
|
|a au
|c AT
|
| 072 |
|
7 |
|a 821.112.2.09
|x Nemecká literatúra, nemecky písaná (o nej)
|2 konspekt
|
| 080 |
|
|
|a 821.112.2(436)-055.2
|2 2001
|
| 080 |
|
|
|a 821.112.2(436)
|2 2001
|
| 080 |
|
|
|a 82:32
|2 2001
|
| 080 |
|
|
|a (082)
|2 2001
|
| 245 |
0 |
0 |
|a Elfriede Jelinek: Tradition, Politik und Zitat
|b Ergebnisse der Internationalen Elfriede-Jelinek-Tagung, 1.-3. Juni 2006 in Tromsø
|c Sabine Müller & Cathrine Theodorsen (Hrsg.)
|
| 246 |
1 |
4 |
|a Elfriede Jelinek - Tradition, Politik und Zitat
|
| 260 |
|
|
|a Wien
|b Praesens Verl.
|c 2008
|
| 300 |
|
|
|a 290 s.
|b ilustr.
|c 21 cm
|
| 490 |
1 |
|
|a Diskurse, Kontexte, Impulse
|v Bd. 2
|
| 504 |
|
|
|a Obsahuje bibliografické odkazy
|
| 600 |
1 |
7 |
|a Jelinek, Elfriede,
|d 1946-
|2 SNKMA
|9 250236
|
| 648 |
|
7 |
|a 20.-21. stor.
|2 SNKPH
|9 270701
|
| 650 |
0 |
7 |
|a rakúske spisovateľky
|2 SNKPH
|9 88082
|
| 650 |
0 |
7 |
|a rakúska literatúra
|2 SNKPH
|9 1416
|
| 650 |
0 |
7 |
|a literatúra a politika
|2 SNKPH
|9 67009
|
| 655 |
|
7 |
|a zborníky
|2 SNKPH
|9 70165
|
| 700 |
1 |
|
|a Müller, Sabine
|4 edt
|9 479989
|
| 700 |
1 |
|
|a Theodorsen, Cathrine
|4 edt
|9 479990
|
| 830 |
|
0 |
|a Diskurse, Kontexte, Impulse
|9 479991
|
| 919 |
|
|
|a 978-3-7069-0410-0
|
| 999 |
|
|
|c 746896
|d 748826
|
| 952 |
|
|
|a SNK
|b SNK
|y VYP
|7 0
|p 17A0651002
|o snkIC 138554
|i snk2010/6696
|8 2
|g 25.30
|0 0
|1 0
|4 0
|d 2010-03-10
|l 0
|r 2026-02-23 23:19:35
|w 2026-02-23
|